| 000 | 00482nam a22001697a 4500 | ||
|---|---|---|---|
| 005 | 20250825155935.0 | ||
| 008 | 250825b |||||||| |||| 00| 0 eng d | ||
| 020 | _a9780143474500 | ||
| 041 | _aEng | ||
| 082 | _a658.421 GAN | ||
| 100 | _aGanesh K | ||
| 245 | _aMastering Disruption: A Practical Guide to Understanding New Age Business Models | ||
| 260 |
_aHaryana _bPenguin Business _c2025 |
||
| 300 | _a276;. P. 23 cm | ||
| 650 | _aEntrepreneurship; New Business | ||
| 942 | _cBK | ||
| 999 |
_c46484 _d46484 |
||